[Event "Kort Paaske 2, gruppe 1"]
[Site "Skorping"]
[Date "2017.04.15"]
[Round "5"]
[White "Andersen, Torben Bodskov"]
[Black "Easan, Adesh"]
[Result "1-0"]
[WhiteElo "2041"]
[BlackElo "1889"]
[PlyCount "71"]
[EventDate "2017.04.13"]

1. c4 Nf6 2. Nf3 g6 3. b3 Bg7 4. Bb2 d6 5. d4 O-O 6. g3 e6 7. Bg2 Nc6 8. O-O d5
9. Nc3 Ne4 10. e3 Nxc3 11. Bxc3 b6 12. Qc2 Bb7 13. cxd5 exd5 14. Rac1 a5 15. a3
Re8 16. Rfd1 Bf8 17. Bb2 Rc8 18. Ne5 Re6 19. e4 Nxe5 20. dxe5 d4 21. Rxd4 Qe8
22. Rc4 Re7 23. Bh3 Rd8 24. Rxc7 Ba6 25. Rxe7 Bxe7 26. Bf1 Bxf1 27. Kxf1 Bc5
28. Rd1 Rxd1+ 29. Qxd1 Qe7 30. a4 Qe6 31. Kg2 Be7 32. Qd5 Qc8 33. e6 f6 34. Bd4
Qd8 35. Be3 Kg7 36. Qb7 1-0

[Event "Kort Paaske 2, gruppe 1"]
[Site "Skorping"]
[Date "2017.04.15"]
[Round "5"]
[White "Mortensen, Martin Lind"]
[Black "Balslev, Uffe"]
[Result "1-0"]
[WhiteElo "2133"]
[BlackElo "1874"]
[PlyCount "81"]
[EventDate "2017.04.13"]

1. e4 c5 2. Nf3 d6 3. d4 cxd4 4. Nxd4 Nf6 5. Nc3 a6 6. Be3 e6 7. Be2 Nbd7 8.
O-O Qc7 9. f4 b5 10. a3 Bb7 11. Bf3 Nc5 12. e5 dxe5 13. Bxb7 Nxb7 14. fxe5 Qxe5
15. Qf3 Qc7 16. Ndxb5 axb5 17. Nxb5 Qc8 18. Kh1 Bd6 19. Qxb7 Be5 20. Qxc8+ Rxc8
21. c3 O-O 22. Bd4 Bxd4 23. Nxd4 Rc5 24. a4 Rb8 25. Nb5 Ne4 26. b4 Rd5 27. Rfe1
f5 28. Kg1 Rbd8 29. c4 Rd2 30. a5 Rb2 31. Red1 Rxd1+ 32. Rxd1 Rxb4 33. a6 Ra4
34. a7 Kf7 35. c5 Nxc5 36. Rd8 Ra1+ 37. Kf2 Ne4+ 38. Ke3 Re1+ 39. Kf3 Rf1+ 40.
Ke2 Rf2+ 41. Ke1 1-0

[Event "Kort Paaske 2, gruppe 1"]
[Site "Skorping"]
[Date "2017.04.15"]
[Round "5"]
[White "Schjodt, Niels Chr"]
[Black "Simonsen, Regnar"]
[Result "1-0"]
[WhiteElo "1985"]
[BlackElo "1741"]
[PlyCount "57"]
[EventDate "2017.04.13"]

1. e4 c5 2. Nf3 a6 3. c3 d5 4. exd5 Qxd5 5. d4 e6 6. Be3 cxd4 7. cxd4 Bb4+ 8.
Nbd2 Nc6 9. a3 Bxd2+ 10. Qxd2 Nf6 11. Bd3 O-O 12. O-O Qh5 13. Rac1 Nd5 14. Be2
f5 15. Bf4 Nxf4 16. Qxf4 Qf7 17. Bc4 Ne7 18. Rfe1 h6 19. Ba2 g5 20. Qd6 Kg7 21.
d5 Qf6 22. Rc7 Re8 23. dxe6 Kg6 24. Ne5+ Kh5 25. h3 Ng6 26. g4+ fxg4 27. hxg4+
Kh4 28. Nxg6+ Kxg4 29. Qd1+ 1-0

[Event "Kort Paaske 2, gruppe 1"]
[Site "Skorping"]
[Date "2017.04.15"]
[Round "5"]
[White "Jakobsen, Andreas"]
[Black "Watson, Colin"]
[Result "1/2-1/2"]
[WhiteElo "1950"]
[BlackElo "1934"]
[PlyCount "96"]
[EventDate "2017.04.13"]

1. d4 d5 2. c4 c6 3. Nf3 Nf6 4. e3 Bf5 5. Qb3 Qb6 6. Nc3 e6 7. c5 Qc7 8. Qa4
Nbd7 9. b4 Be7 10. Nh4 Bg4 11. h3 Bh5 12. g4 Bg6 13. Bd2 Be4 14. Nxe4 Nxe4 15.
Ng2 e5 16. Bd3 Nxd2 17. Kxd2 Bf6 18. b5 O-O 19. Rab1 Rfc8 20. h4 g6 21. h5 exd4
22. exd4 Bg5+ 23. Kc2 Nf6 24. hxg6 fxg6 25. Rbf1 Nxg4 26. f4 Bf6 27. Rh3 Qg7
28. Be2 Qd7 29. Rfh1 Nf2 30. Rxh7 Qf5+ 31. Kd2 Nxh1 32. Rxh1 Qe4 33. Rh2 Bxd4
34. Qb3 Re8 35. Bf3 Qf5 36. bxc6 bxc6 37. Qb7 Bg7 38. Qxc6 Red8 39. Ne3 Bc3+
40. Kxc3 d4+ 41. Kc4 dxe3 42. Be4 Rac8 43. Qxg6+ Qxg6 44. Bxg6 Rd2 45. Rh3 e2
46. Re3 Rxa2 47. Bd3 Ra5 48. Rxe2 Raxc5+ 1/2-1/2